"Vientos de un pueblo" : (Registro nro. 4456)

000 -CABECERA
campo de control de longitud fija 00568nam a22001697a 4500
005 - FECHA Y HORA DE LA ÚLTIMA TRANSACCIÓN
campo de control 20260226160136.0
008 - DATOS DE LONGITUD FIJA--INFORMACIÓN GENERAL
campo de control de longitud fija 260226b ||||fr|||| 00| 0 eng d
040 ## - FUENTE DE LA CATALOGACIÓN
Centro catalogador/agencia de origen CENDOC CAAAP
Lengua de catalogación spa
Centro/agencia transcriptor CAAAP
041 ## - CÓDIGO DE LENGUA
Código de lengua del texto/banda sonora o título independiente spa
050 ## - SIGNATURA TOPOGRÁFICA DE LA BIBLIOTECA DEL CONGRESO
Número de clasificación FP 82.A5
Número de documento/Ítem S21
100 1# - ENTRADA PRINCIPAL--NOMBRE DE PERSONA
9 (RLIN) 5
Nombre personal Santos Granero, Fernando
245 1# - MENCIÓN DE TÍTULO
Título "Vientos de un pueblo" :
Subtitulo sintesis historica de la etnia Amuesha siglo XVII - XIX /
Mención de responsabilidad, etc. Fernando Santos Granero
260 #1 - PUBLICACIÓN, DISTRIBUCIÓN, ETC.
Lugar de publicación, distribución, etc. Lima, Perú :
Nombre del editor, distribuidor, etc. PUCP,
Fecha de publicación, distribución, etc. 1980.
300 ## - DESCRIPCIÓN FÍSICA
Extensión 180 páginas ;
Dimensiones 29 x 21 cm
650 #0 - PUNTO DE ACCESO ADICIONAL DE MATERIA--TÉRMINO DE MATERIA
9 (RLIN) 4
Término de materia o nombre geográfico como elemento de entrada Pueblos Indígenas
Subdivisión de forma Etnia
Subdivisión general Tesis
942 ## - ELEMENTOS PERSONALIZADOS KOHA
Fuente del sistema de clasificación o colocación
Fecha de catalogación DD - MM - AA
Existencias
Fuente del sistema de clasificación o colocación Localización permanente Ubicación/localización actual Fecha de adquisición Total de préstamos Signatura LC Fecha visto por última vez Tipo de ítem Koha Nota pública
  CENTRO DE DOCUMENTACIÓN (CENDOC) CENTRO DE DOCUMENTACIÓN (CENDOC) 02/26/2026   FP 82.A5 S21 02/26/2026 Tesis Si se puede prestar
Centro de Documentación CAAAP | AV. Manuel González Prada 626, Magdalena del Mar | (51-1) 4615223 Anexo 205 y 209 | cendoc@caaap.org.pe